000 00680nam a22002417a 4500
003 LK-CoDNM
005 20241218153514.0
008 241218b |||||||| |||| 00| 0 eng d
040 _aLK-CoDNM
_dLK-CoDNM
_eLK-CoDNM
041 _aeng
080 _a2
_bC6
100 _afisher,walter,k
245 _aHYALINOTHRIX A NEW GENUS OF STARFISHES FROM THE HAWAIIAN ISLANDS
260 _agoverment printing office
_bwashington
_c1911
300 _a5p. : ill ; 24 cm
490 _aVol 40
650 _aHYALINOTHRIX A NEW GENUS OF STARFISHES FROM THE HAWAIIAN ISLANDS
650 _afisher,walter,k
650 _a2 c 6
650 _a1911
650 _ascience
942 _cBK
999 _c233485
_d233485